| 000 | 00773nam a2200229 a 4500 | ||
|---|---|---|---|
| 001 | 41092 | ||
| 003 | BD-RjUL | ||
| 005 | 20211209053328.0 | ||
| 008 | 160514s2012 bg ||||| |||| 00| p ben d | ||
| 020 |
_a9847015801299 _c: Tk. 120.00 |
||
| 035 | _a(BD-RjUL)41208 | ||
| 040 |
_aBD-RjUL _bben _cBD-RjUL _dBD-RjUL |
||
| 041 | _aben | ||
| 082 |
_223 _a891.441 _bBAR 2012 |
||
| 100 |
_aবাবু, এবিসি _9126414 |
||
| 245 |
_aরক্ত ক্ষুধা = (Blood hunger) / _cএবিসি বাবু = (ABC Babu) |
||
| 260 |
_aঢাকা : _bবুকস ফেয়ার, _c২০১২. |
||
| 300 |
_a৯৪ পৃ. ; _c২৩ সেমি. |
||
| 650 |
_aবাংলা কবিতা _9126415 |
||
| 650 |
_aBengali Poetry _9126416 |
||
| 942 |
_2ddc _cBK |
||
| 999 |
_c41092 _d41092 |
||